|
|
|
|
| LEADER |
03250nam a22004093i 4500 |
| 001 |
EBC5048269 |
| 003 |
MiAaPQ |
| 005 |
20231204023214.0 |
| 006 |
m o d | |
| 007 |
cr cnu|||||||| |
| 008 |
231204s1981 xx o ||||0 ger d |
| 020 |
|
|
|a 9783110884111
|q (electronic bk.)
|
| 020 |
|
|
|z 9783110047608
|
| 035 |
|
|
|a (MiAaPQ)EBC5048269
|
| 035 |
|
|
|a (Au-PeEL)EBL5048269
|
| 035 |
|
|
|a (OCoLC)1149260486
|
| 040 |
|
|
|a MiAaPQ
|b eng
|e rda
|e pn
|c MiAaPQ
|d MiAaPQ
|
| 082 |
0 |
|
|a 739.09363
|
| 100 |
1 |
|
|a Haseloff, Günther.
|
| 245 |
1 |
4 |
|a Die Germanische Tierornamentik der Völkerwanderungszeit :
|b Studien Zu Salin's Stil I.
|
| 250 |
|
|
|a 1st ed.
|
| 264 |
|
1 |
|a Berlin/Boston :
|b Walter de Gruyter GmbH,
|c 1981.
|
| 264 |
|
4 |
|c {copy}1981.
|
| 300 |
|
|
|a 1 online resource (902 pages)
|
| 336 |
|
|
|a text
|b txt
|2 rdacontent
|
| 337 |
|
|
|a computer
|b c
|2 rdamedia
|
| 338 |
|
|
|a online resource
|b cr
|2 rdacarrier
|
| 490 |
1 |
|
|a Vorgeschichtliche Forschungen Series ;
|v v.17,1-3
|
| 505 |
0 |
|
|a Intro -- Vorwort -- Inhaltsverzeichnis -- TEXTTEIL -- Einleitung -- Eine jütländische Fibelgruppe und ihre Verwandten -- Stilphasen im nordischen Stil I -- Früher Stil I auf Schnallen des Namurois und vom Niederrhein -- Stil I auf Fibeln des nordischen Typs vom Kontinent -- Stand der Forschung -- Vorbemerkung zu den auf dem Kontinent gefundenen im Stil I verzierten Fibeln des nordischen Typs -- Die Fibel aus Kirchheim unter Teck, Grab 85l , und ihre Verwandten -- Die Fibeln vom „Typ Langweid" -- Die Fibel von Gönningen und „das große Tier" -- Die Blütezeit der Fibeln mit dem „großen Tier" -- Einzelne nordische Fibeln vom Kontinent -- Die Wandlung eines Motivs: von der „Maske zwischen zwei Tieren" zum Motiv der „antithetischen Tiere" -- Kontinentale Kopien nach skandinavischen Vorbildern -- Die Auflösung der Tierornamentik des Stils I Auflösungstendenzen im Stil I -- Eine masurgermanische Fibel aus Horkheim, Kreis Heilbronn -- Stil I auf Fibeln vom kontinentalen Typ -- Schluß -- Beiträge -- Zu den Filigranblechen der Bügelfibeln aus Donzdorf, Grab 78 -- Bifrons Grave 41 -- Zur Inschrift der Runenfibel von Donzdorf -- Die Münzanhänger aus dem Frauengrab Kirchheim unter Teck, Grab 85 -- Zur Datierung von Grab 5 und 129 des alamannischen Gräberfeldes von Bopfingen, Kreis Aalen -- Nachtrag: Das Fibelfragment aus Idstedt, Kreis Schleswig -- Literaturverzeichnis -- Verzeichnis der Museen -- Verzeichnis der behandelten Gegenstände nach Fundorten -- TAFELTEIL -- TAFEL 1-32 -- TAFEL 33-65 -- TAFEL 66-99.
|
| 588 |
|
|
|a Description based on publisher supplied metadata and other sources.
|
| 590 |
|
|
|a Electronic reproduction. Ann Arbor, Michigan : ProQuest Ebook Central, 2023. Available via World Wide Web. Access may be limited to ProQuest Ebook Central affiliated libraries.
|
| 655 |
|
4 |
|a Electronic books.
|
| 700 |
1 |
|
|a Haseloff, Günther.
|
| 776 |
0 |
8 |
|i Print version:
|a Haseloff, Günther
|t Die Germanische Tierornamentik der Völkerwanderungszeit
|d Berlin/Boston : Walter de Gruyter GmbH,c1981
|z 9783110047608
|
| 797 |
2 |
|
|a ProQuest (Firm)
|
| 830 |
|
0 |
|a Vorgeschichtliche Forschungen Series
|
| 856 |
4 |
0 |
|u https://ebookcentral.proquest.com/lib/matrademy/detail.action?docID=5048269
|z Click to View
|